| 000 | 01618nam a22005297a 4500 | ||
|---|---|---|---|
| 001 | 9549281 | ||
| 003 | LIBRIS | ||
| 005 | 20210426083459.0 | ||
| 008 | 040701s2005 nyu b 001 0beng c | ||
| 010 | _a 2004050928 | ||
| 020 | _a1400062659 (inb.) | ||
| 020 | _a0812972767 | ||
| 035 | _a(DLC) 2004050928 | ||
| 035 | _a(Cfn)6973 | ||
| 035 | _a(Mo)b1638225 | ||
| 040 |
_aDLC _cDLC _dJud _beng |
||
| 041 | _aeng | ||
| 050 | 0 | 0 |
_aPT2679.A433 _bZ87 2005 |
| 080 |
_a92 _bR-39 |
||
| 082 | 0 | 0 |
_a833/.912 _222 |
| 084 |
_aGfz Nussimbaum, Lev _2kssb/7 |
||
| 084 |
_aGz Said, Kurban _2kssb/7 |
||
| 084 |
_aLz Said, Kurban _2kssb/8 |
||
| 100 | 1 | _aReiss, Tom, | |
| 245 | 1 | 4 |
_aThe Orientalist : _bsolving the mystery of a strange and dangerous life / _c/ by: Random House Trade Paperbacks |
| 250 | _a1st edition | ||
| 260 |
_aNew York : _bRandom House Trade Paperbacks _c2005. |
||
| 300 |
_a448 p. _bill. |
||
| 365 | _b15.95 usd | ||
| 504 | _aIncludes bibliographical references and index. | ||
| 546 | _aengelska | ||
| 600 | 1 | 4 | _aBey, Essad. |
| 600 | 1 | 4 | _aSaid, Kurban |
| 650 | 0 |
_aAuthors, German _y20th century _vBiography. |
|
| 650 | 0 |
_aBiography _9237 |
|
| 653 | _aბიოგრაფია | ||
| 655 | 4 |
_5Mo _aBok |
|
| 942 |
_2udc _cBK _e1 |
||
| 999 |
_c1334 _d1334 |
||